00353nam a2200121Ia 450000500170000000800410001708200130005824500260007126000570009730000120015450000390016670000260020520250704014324.0240331s9999 xx 000 0 und d bAGAa920 0aAgamathi thun kattuwa aChilawbChilaw Electrol Division people's Conference a67 p ., aThe Prime Minister is three - fold aFernando,W.A.H. eedt